书目信息 |
| 题名: |
滨水景观
|
|
| 作者: | 中国城市规划学会 , 中国建筑工业出版社 编 | |
| 分册: | ||
| 出版信息: | 北京 中国建筑工业出版社 2000.09 |
|
| 页数: | 120页 | |
| 开本: | 20开 | |
| 丛书名: | ||
| 单 册: | ||
| 中图分类: | TU986.43 | |
| 科图分类: | ||
| 主题词: | 园林--规划 , 公园--绿化规划 | |
| 电子资源: | ||
| ISBN: | 7-112-04299-2 | |
| 000 | 00711nam0 2200217 45 | |
| 001 | 0012101685 | |
| 005 | 20001210163324.6 | |
| 010 | @a7-112-04299-2@d48.00元 | |
| 100 | @a20001210d2000 km y0chiy0120 ea | |
| 101 | 0 | @achi |
| 105 | @a z 000yy | |
| 200 | 1 | @a滨水景观@ABin Shui Jing Guan@f中国城市规划学会,中国建筑工业出版社编@FZhong Guo Cheng Shi Gui Hua Xue Hui,Zhong Guo Jian Zhu Gong Ye Chu Ban She Bian |
| 210 | @a北京@c中国建筑工业出版社@d2000.09 | |
| 215 | @a120页@d20开 | |
| 606 | 0 | @a园林@x规划 |
| 606 | 0 | @a公园@x绿化规划 |
| 690 | @aTU986.43@v3 | |
| 701 | 0 | @a中国城市规划学会@4编 |
| 701 | 0 | @a中国建筑工业出版社@4编 |
| 801 | @aCN@bPftUser@c20001210 | |
| 905 | @b303454-458@dTU986.43@eZH:111@f5 | |
| 滨水景观/中国城市规划学会,中国建筑工业出版社编.-北京:中国建筑工业出版社,2000.09 |
| 120页;20开 |
| ISBN 7-112-04299-2:48.00元 |
| ● |
| 相关链接 |
|
|
|
正题名:滨水景观
索取号:TU986.43/ZH:111
 
预约/预借
| 序号 | 登录号 | 条形码 | 馆藏地/架位号 | 状态 | 备注 |
| 1 | 303454 | 203034545 | 建筑库201/201建筑库 118排1列2层/ [索取号:TU986.43/ZH:111] | 在馆 | |
| 2 | 303455 | 203034554 | 自科二线404/201建筑库 120排2列5层/ [索取号:TU986.43/ZH:111] | 在馆 | |
| 3 | 303456 | 203034563 | 建筑库201/201建筑库 118排1列2层/ [索取号:TU986.43/ZH:111] | 在馆 | |
| 4 | 303457 | 203034572 | 建筑库201/201建筑库 118排1列2层/ [索取号:TU986.43/ZH:111] | 在馆 | |
| 5 | 303458 | 203034581 | 自科二线404/201建筑库 120排2列5层/ [索取号:TU986.43/ZH:111] | 在馆 |